Interesting Facts True Or False #7 - Statistics

General Stats
  • This quiz has been taken 28 times
  • The average score is 6 of 15
Answer Stats
Question Answer % Correct
30% of the calories in a bottle of Heinz ketchup comes from fat. False
100%
Today, the level of oxygen in the atmosphere is about 21%. At 43% oxygen, a lightning strike could have ignited the entire atmosphere. True
100%
The narrowest street in the world, located in Uzbekistan, is just four feet wide. False
67%
President James Garfield would probably have survived being shot if not for the terrible medical treatment he received. His doctors repeatedly stuck their unwashed fingers into his wound, accidentally punctured his gallbladder, and denied him adequate nutrition. Even still, Garfield had such a strong constitution that it took more than two months for him to die after being shot. True
67%
Every North Korean man must serve in the country's military for sixteen years. False
33%
In Turkmenistan, there's a crater filled with natural gas that has been on fire since 2006. It is known as "The Door to Hell". False
33%
The # symbol was once part of the English alphabet. False
33%
It takes about 21 days to make just one jelly bean. True
33%
China was offered to host the 2004 Olympics but refused the offer because the year include a four. True
33%
Even though more people own dogs, there are more cats living in households. True
33%
Despite representing only 0.1% of the world's population, Ashkenazi Jews have won more than 20% of Nobel Prizes. True
33%
The phone number 666-666 sold for two thousand U.S. dollars. False
0%
The possibility of two Scrabble games being played the exact same way is estimated to be around 10^314. It's likely much higher than that. False
0%
Antarctica is actually the sunniest place on earth. True
0%
You are related to me. True
0%
No matching quizzes found
Score Distribution
Percent of People with Each Score
Percentile by Number Answered
Your Score History
You have not taken this quiz